| 000 | 01308nam a2200229Ia 4500 | ||
|---|---|---|---|
| 001 | 15734 | ||
| 003 | GE_BSU | ||
| 008 | 181216s||||||||xx |||||||||||||| ||und|| | ||
| 040 | _cGE_BSU | ||
| 080 | _a821.353.1-32 | ||
| 100 | _aხორგუაშვილი, გიორგი | ||
| 245 | _aწითელი ხარი | ||
| 245 | _bმოთხრობები | ||
| 245 | _cრედ.დ.დემეტრაშვილი. მხ.კ.ფაჩულია | ||
| 260 | _aთბილისი | ||
| 260 | _bსაქართველო | ||
| 260 | _c1990. | ||
| 300 | _a608 გვ. ; 20 სმ | ||
| 653 | _aზვარაკები; ცხრაუღელა; მაღალი ღმერთი; ძუძუს ხატი; შესდექ, სატანავ; წითელი ხარი; ზედაშე; შესანდობარი; ოცდაათი ვერცხლი; წვიმაში ხარის გაგიჟება | ||
| 653 | _aსაუკუნო სასჯელი; ნეფე იბუტება; ამაღლება; ძია შიოს უცნაურობანი; ცოცხალი სულები; აჩრდილები; ბერძნული თამაში; | ||
| 942 | _cBK | ||
| 999 |
_c48832 _d48832 |
||